000 00595cam a22002053a 4500
001 35141
003 PGUSA
005 20140828083746.0
008 110222s2011||||xxu|||||s|||||000 | eng d
040 _aPGUSA
_beng
042 _adc
100 1 _aTrevena, John,
_d1870-
245 1 4 _aThe Plowshare and the Sword :
_bA Tale of Old Quebec
_h[electronic resource] /
_cJohn Trevena
260 _bProject Gutenberg,
_c2011
506 _aPublic domain in the USA.
516 _aElectronic text
830 0 _aProject Gutenberg
_v35141
856 4 0 _uhttp://www.gutenberg.org/ebooks/35141
942 _cEB
999 _c264396
_d264396